[Event "Madrid"]
[Site "?"]
[Date "1996.??.??"]
[Round "?"]
[White "Gelfand, B."]
[Black "Salov, V."]
[Result "1-0"]
[WhiteElo "2700"]
[BlackElo "2670"]
[PlyCount "65"]
[EventDate "1996.??.??"]
[Source "ChessBase"]
[SourceDate "1996.02.01"]

1. d4 d5 2. c4 dxc4 3. Nf3 a6 4. e3 Nf6 5. Bxc4 e6 6. Qe2 c5 7. dxc5 Bxc5 8. O-O Nc6 9. e4 Ng4 10. e5 Nd4 11. Nxd4 Qxd4 12. Nd2 Nxe5 13. Nb3 Qxc4 14. Qxe5 Bf8 15. Be3 Qd5 16. Qg3 Bd6 17. f4 Qe4 18. Rad1 Be7 19. f5 exf5 20. Rfe1 Qg4 21. Qc7 Be6 22. Rd4 Qg6 23. Qxb7 Rc8 24. Bf4 Kf8 25. Rd7 Bxd7 26. Qxd7 Qb6+ 27. Kh1 Re8 28. Rxe7 Rxe7 29. Bd6 Qxd6 30. Qxd6 h5 31. Nd4 Rh6 32. Qc5 Rf6 33. Kg1 1-0

[Event "Corr"]
[Site "?"]
[Date "1999.11.03"]
[Round "?"]
[White "Bang Erik BH"]
[Black "Elwert Hans-Marcus"]
[Result "1/2-1/2"]
[WhiteElo "2661"]
[BlackElo "2681"]
[PlyCount "50"]
[EventDate "1999.??.??"]
[Source "www.chesslib.no"]
[SourceDate "2004.05.04"]

1. d4 d5 2. c4 dxc4 3. Nf3 Nf6 4. e3 e6 5. Bxc4 c5 6. O-O a6 7. Bb3 Nc6 8. Nc3 b5 9. Qe2 cxd4 10. exd4 Na5 11. Bc2 Be7 12. Bg5 Bb7 13. Rad1 Nd5 14. Ne4 Rc8 15. Bxe7 Qxe7 16. Nc5 Nc4 17. Nxb7 Qxb7 18. Be4 Nd6 19. Bb1 O-O 20. Ne5 Rfd8 21. Rfe1 Qe7 22. Qh5 g6 23. Qe2 Rc7 24. g3 Nc4 25. h4 Nxe5 1/2-1/2

[Event "Ubeda"]
[Site "?"]
[Date "1997.??.??"]
[Round "?"]
[White "Timman, J."]
[Black "Lautier, J."]
[Result "1/2-1/2"]
[WhiteElo "2630"]
[BlackElo "2630"]
[PlyCount "120"]
[EventDate "1997.??.??"]
[Source "ChessBase"]
[SourceDate "1997.02.01"]

1. d4 d5 2. c4 dxc4 3. Nf3 a6 4. e3 Nf6 5. Bxc4 e6 6. Qe2 c5 7. dxc5 Bxc5 8. O-O Nc6 9. e4 b5 10. Bb3 Nd4 11. Nxd4 Qxd4 12. Be3 Qxe4 13. Nd2 Qf5 14. g4 Qe5 15. Nf3 Qe4 16. Ng5 Qc6 17. Rac1 Bb7 18. f3 Bxe3+ 19. Qxe3 Qd6 20. Nxe6 fxe6 21. Bxe6 Kf8 22. Rfd1 Qe7 23. g5 Re8 24. gxf6 gxf6 25. Qh6+ Qg7+ 26. Qxg7+ Kxg7 27. Rc7+ Kh6 28. Rd6 Bc8 29. Bxc8 Rxc8 30. Rxf6+ Kg5 31. Rxc8 Rxc8 32. Rxa6 Rc2 33. b4 Kf4 34. Rf6+ Ke3 35. a3 Ra2 36. Rf5 Rxa3 37. Kg2 Rb3 38. Re5+ Kf4 39. Re4+ Kf5 40. Kg3 Rb2 41. Rh4 Kf6 42. h3 Rb3 43. Rf4+ Kg6 44. Rd4 Rb1 45. Kh4 Kf6 46. Kg4 Ke5 47. Re4+ Kf6 48. Rd4 Ke5 49. Re4+ Kf6 50. Rf4+ Kg6 51. Rd4 h5+ 52. Kg3 Kf7 53. Kf4 Kf6 54. Ke3 Ke5 55. f4+ Ke6 56. Kd3 Rd1+ 57. Kc3 Rc1+ 58. Kd2 Rb1 59. Ke3 Re1+ 60. Kd2 Rf1 1/2-1/2

[Event "Sanjin Hotel Cup"]
[Site "Taiyuan"]
[Date "2004.07.19"]
[Round "3"]
[White "Lputian, Smbat G"]
[Black "Xu Jun"]
[Result "1/2-1/2"]
[WhiteElo "2634"]
[BlackElo "2617"]
[PlyCount "43"]
[EventDate "2004.07.17"]
[SourceDate "2004.07.28"]

1. d4 d5 2. Nf3 Nf6 3. c4 dxc4 4. e3 e6 5. Bxc4 c5 6. O-O a6 7. Qe2 Nc6 8. Rd1 Qc7 9. Nc3 Be7 10. dxc5 Bxc5 11. b3 O-O 12. Bb2 h6 13. Bd3 e5 14. Ne4 Be7 15. Rac1 Nd7 16. Bc4 Qb8 17. Qd3 Nb6 18. Nd6 Bxd6 19. Qxd6 Nxc4 20. Rxc4 Qxd6 21. Rxd6 Be6 22. Rc1 1/2-1/2

[Event "2nd MAIG Team Standard"]
[Site "Macau CHN"]
[Date "2007.10.29"]
[Round "3"]
[White "Adianto, U."]
[Black "Sasikiran, K."]
[Result "1/2-1/2"]
[WhiteElo "2572"]
[BlackElo "2661"]
[PlyCount "60"]
[EventDate "2007.10.28"]
[Source "www.chesslib.no"]
[SourceDate "2004.05.04"]

1. d4 d5 2. Nf3 Nf6 3. c4 dxc4 4. e3 a6 5. Bxc4 e6 6. Qe2 c5 7. dxc5 Bxc5 8. O-O Nc6 9. Nbd2 Qc7 10. b3 b5 11. Bd3 Nb4 12. Be4 Bb7 13. Bxb7 Qxb7 14. Bb2 Be7 15. a3 Nbd5 16. e4 Nf4 17. Qe3 Ng6 18. Bxf6 Bxf6 19. Rac1 O-O 20. b4 Qa7 21. Qxa7 Rxa7 22. Rc6 h6 23. Nb3 Rd8 24. Nc5 Bb2 25. Rxa6 Rxa6 26. Nxa6 Rc8 27. Rb1 Nf4 28. g3 Nd3 29. Nc5 Nxc5 30. bxc5 Bxa3 1/2-1/2

[Event "Groningen"]
[Site "Groningen"]
[Date "1995.??.??"]
[Round "5"]
[White "Sokolov, Ivan"]
[Black "Van Wely, Loek"]
[Result "1/2-1/2"]
[WhiteElo "2630"]
[BlackElo "2585"]
[PlyCount "91"]
[EventDate "1995.12.??"]
[Source "ChessBase"]

1. d4 d5 2. c4 dxc4 3. e3 Nf6 4. Bxc4 e6 5. Nf3 c5 6. Qe2 a6 7. dxc5 Bxc5 8. O-O Nc6 9. e4 b5 10. Bb3 Nd4 11. Nxd4 Qxd4 12. Nc3 Qe5 13. Be3 Bxe3 14. Qxe3 Ng4 15. Qh3 h5 16. Rae1 Bb7 17. Qg3 Qxg3 18. hxg3 Ne5 19. f4 Nd3 20. Re3 Nc5 21. Bc2 b4 22. Na4 Nxa4 23. Bxa4+ Ke7 24. Bd1 Rac8 25. a3 Rc4 26. Bf3 Rd8 27. b3 Rcd4 28. axb4 Rxb4 29. Ra1 Rdd4 30. Bxh5 g6 31. Bf3 Bxe4 32. Rxa6 Bxf3 33. Rxf3 Rd1+ 34. Kh2 Rb7 35. g4 Rb1 36. Ra3 Re1 37. g5 e5 38. g3 Ke6 39. Ra6+ Kf5 40. Rf6+ Kg4 41. fxe5 Re2+ 42. Kg1 Rxe5 43. R6f4+ Kxg5 44. Rxf7 Rxf7 45. Rxf7 Re3 46. Kf2 1/2-1/2

[Event "Ch Spain (team) (1 Div) (South)"]
[Site "Burguillos (Spain)"]
[Date "2007.08.25"]
[Round "5"]
[White "Avrukh Boris (ISR)"]
[Black "Conquest Stuart (ENG)"]
[Result "1-0"]
[WhiteElo "2645"]
[BlackElo "2546"]
[PlyCount "137"]
[EventDate "2007.??.??"]
[Source "www.chesslib.no"]
[SourceDate "2004.05.04"]

1. d4 d5 2. c4 dxc4 3. Nf3 e6 4. e3 a6 5. Bxc4 c5 6. O-O Nf6 7. Qe2 Nc6 8. Rd1 Qc7 9. Nc3 Be7 10. d5 exd5 11. Bxd5 Bg4 12. h3 Bh5 13. g4 Bg6 14. e4 Rd8 15. Bg5 O-O 16. a3 Rfe8 17. Rac1 Qc8 18. Bxc6 bxc6 19. Bf4 Nd7 20. Bg5 f6 21. Be3 Bf7 22. Na4 c4 23. Bb6 Nxb6 24. Nxb6 Qe6 25. Rxd8 Bxd8 26. Nxc4 h5 27. Nfd2 Bc7 28. Qf3 hxg4 29. Qxg4 Rd8 30. Nf3 Qe8 31. Nh4 Bh5 32. Qg2 Qd7 33. Ne3 Bf4 34. Nhf5 Kh7 35. Re1 Re8 36. Rf1 a5 37. Ng4 Bc7 38. Qf3 Kh8 39. Re1 Bg6 40. Nh4 Bh7 41. Re2 f5 42. Ne3 fxe4 43. Qh5 Re6 44. Qg4 Qd6 45. Nf1 Re8 46. Rd2 Qf6 47. Ne3 Rf8 48. Qh5 Bf4 49. Nhg2 Bb8 50. Qxa5 Qf3 51. Qc5 Qf6 52. Ng4 Qf5 53. Qxf5 Bxf5 54. N2e3 Be6 55. Rd4 Bg8 56. Rxe4 Rd8 57. Ne5 Bxe5 58. Rxe5 Rd2 59. b4 Ra2 60. Ra5 Be6 61. Kg2 Kh7 62. Kg3 Kg6 63. Ra6 Kf6 64. h4 Ke5 65. Rxc6 Rxa3 66. b5 Rb3 67. f4+ Kf6 68. f5 Rxe3+ 69. Kf4 1-0

[Event "SPICE Cup"]
[Site "Lubbock USA"]
[Date "2007.11.14"]
[Round "2"]
[White "Miton, K."]
[Black "Hera, I."]
[Result "1/2-1/2"]
[WhiteElo "2628"]
[BlackElo "2544"]
[PlyCount "29"]
[EventDate "2007.11.09"]
[Source "www.chesslib.no"]
[SourceDate "2004.05.04"]

1. Nf3 Nf6 2. c4 c6 3. d4 d5 4. e3 e6 5. Bd3 dxc4 6. Bxc4 c5 7. O-O Nc6 8. Qe2 a6 9. Bb3 b5 10. a4 b4 11. Rd1 cxd4 12. Nxd4 Nxd4 13. Rxd4 Qc7 14. Rc4 Qb8 15. e4 1/2-1/2

[Event "Mind Sports Games - Rapid Ind"]
[Site "Pechino CINA"]
[Date "2008.10.05"]
[Round "2"]
[White "Zhou Jianchao"]
[Black "Adianto, U."]
[Result "0-1"]
[WhiteElo "2612"]
[BlackElo "2554"]
[PlyCount "76"]
[EventDate "2008.10.05"]
[Source "www.chesslib.no"]
[SourceDate "2004.05.04"]

1. d4 d5 2. c4 dxc4 3. Nf3 Nf6 4. e3 a6 5. Bxc4 e6 6. Qe2 b5 7. Bd3 c5 8. O-O Nc6 9. dxc5 Bxc5 10. Rd1 Qb6 11. a4 bxa4 12. Nc3 Be7 13. Nxa4 Qb8 14. Bd2 O-O 15. Rac1 Nb4 16. Bb1 a5 17. Nd4 Ba6 18. Qf3 Bb7 19. Qh3 Ra6 20. Nc5 Bxc5 21. Rxc5 Be4 22. Rb5 Qa8 23. f3 Bxb1 24. Rxb1 Rd8 25. Qg3 h6 26. h3 Kh7 27. Kh2 Nc2 28. Rxa5 Rxa5 29. Bxa5 Rxd4 30. exd4 Qxa5 31. Qf4 Qb4 32. Rd1 Qxb2 33. d5 Nxd5 34. Qxf7 Nce3 35. Rg1 Qe5+ 36. g3 Nf5 37. Rg2 Nde3 38. f4 Nf1+ 0-1

[Event "Dresden ZMD op"]
[Site "?"]
[Date "2003.07.30"]
[Round "6"]
[White "Graf Alexander"]
[Black "Rabiega Robert"]
[Result "1/2-1/2"]
[WhiteElo "2643"]
[BlackElo "2521"]
[PlyCount "129"]
[EventDate "2003.??.??"]
[Source "www.chesslib.no"]
[SourceDate "2004.05.04"]

1. d4 d5 2. Nf3 Nf6 3. c4 dxc4 4. e3 e6 5. Bxc4 c5 6. Qe2 a6 7. dxc5 Bxc5 8. O-O Nc6 9. a3 O-O 10. Nbd2 Qe7 11. Bd3 Ba7 12. b4 e5 13. Ne4 Bf5 14. Nfd2 Rfd8 15. Bb2 Rd7 16. Rad1 Rad8 17. Bb1 h6 18. h3 Bg6 19. Nxf6+ Qxf6 20. Ne4 Qh4 21. Rxd7 Rxd7 22. Qf3 Qe7 23. g4 Qe6 24. h4 Qb3 25. Qe2 Qd5 26. Nc3 Qe6 27. Bxg6 Qxg6 28. h5 Qe6 29. Ne4 Qb3 30. Rc1 Bb6 31. Kg2 Qd5 32. Qf3 Qb3 33. Qf5 Qd5 34. Rc2 Qd1 35. g5 Ne7 36. Qxe5 Qg4+ 37. Ng3 Qxg5 38. Qxg5 hxg5 39. Ne4 g4 40. a4 f5 41. Ng5 Rd6 42. Be5 Rd7 43. Rc4 Nc6 44. Bg3 Rd5 45. Bf4 Kf8 46. e4 fxe4 47. Rxe4 Bd8 48. Ne6+ Kf7 49. Nxd8+ Nxd8 50. Kg3 Rxh5 51. Rd4 Ke8 52. Kxg4 Rh1 53. Rd6 Ra1 54. a5 Nc6 55. Bd2 Ke7 56. Rd5 Rb1 57. Kf5 g6+ 58. Kxg6 Ke6 59. Rg5 Rb2 60. Be1 Re2 61. Rg1 Ne5+ 62. Kg7 Nd3 63. Bc3 Rxf2 64. Rg6+ Kd5 65. Rb6 1/2-1/2

[Event "JUG-chT"]
[Site "Niksic"]
[Date "1996.??.??"]
[Round "?"]
[White "Maksimenko, Andrei"]
[Black "Kharlov, Andrei"]
[Result "1/2-1/2"]
[WhiteElo "2545"]
[BlackElo "2605"]
[PlyCount "65"]
[EventDate "1996.??.??"]
[Source "www.chesslib.no"]
[SourceDate "2004.05.04"]

1. d4 d5 2. c4 dxc4 3. Nf3 Nf6 4. e3 e6 5. Bxc4 c5 6. Qe2 a6 7. dxc5 Bxc5 8. O-O Nc6 9. a3 Bd6 10. Nbd2 Qc7 11. b4 Ne5 12. Bb2 O-O 13. Bxe5 Bxe5 14. Rac1 Qb8 15. Nxe5 Qxe5 16. Nf3 Qb8 17. e4 e5 18. Qb2 b5 19. Bb3 Bb7 20. Nxe5 Bxe4 21. Rc5 Ra7 22. f3 Ba8 23. Rfc1 Qb6 24. Kh1 Ne8 25. Qd2 Qd6 26. Rd1 Qxd2 27. Rxd2 Nf6 28. Nxf7 Raxf7 29. Rc7 Bd5 30. Bxd5 Nxd5 31. Rxf7 Kxf7 32. Rxd5 Re8 33. h4 1/2-1/2

[Event "Jakarta op"]
[Site "Jakarta"]
[Date "1997.??.??"]
[Round "?"]
[White "Shneider, Aleksandr"]
[Black "Savchenko, Stanislav"]
[Result "1/2-1/2"]
[WhiteElo "2565"]
[BlackElo "2575"]
[PlyCount "44"]
[EventDate "1997.??.??"]
[Source "www.chesslib.no"]
[SourceDate "2004.05.04"]

1. d4 d5 2. Nf3 Nf6 3. c4 c6 4. e3 a6 5. Bd3 dxc4 6. Bxc4 e6 7. O-O c5 8. Qe2 b5 9. Bd3 Bb7 10. dxc5 Nc6 11. a4 b4 12. Nbd2 Bxc5 13. Nb3 Bd6 14. e4 Ng4 15. Rd1 O-O 16. Bg5 f6 17. Bc4 Qe7 18. Nfd4 Bxh2+ 19. Kh1 Nxd4 20. Nxd4 Nxf2+ 21. Qxf2 fxg5 22. Qe2 Be5 1/2-1/2

[Event "ACT op"]
[Site "Amsterdam"]
[Date "2004.07.22"]
[Round "6"]
[White "Sokolov, Ivan"]
[Black "Michiels, Bart"]
[Result "1/2-1/2"]
[WhiteElo "2679"]
[BlackElo "2450"]
[PlyCount "73"]
[EventDate "2004.07.17"]
[Source "Roberto Alvarez"]
[SourceDate "2004.07.26"]

1. d4 d5 2. Nf3 Nf6 3. c4 dxc4 4. e3 e6 5. Bxc4 c5 6. Qe2 a6 7. dxc5 Bxc5 8. O-O Nc6 9. Nbd2 O-O 10. Bd3 Qe7 11. b3 Ba7 12. Bb2 e5 13. Ne4 Bg4 14. h3 Bh5 15. Nxf6+ Qxf6 16. Be4 Rfe8 17. Rac1 Rac8 18. Rfd1 Bb8 19. Rd7 Qe6 20. Qd2 Bxf3 21. Bxf3 Nd4 22. Rxc8 Rxc8 23. Rxd4 exd4 24. Qxd4 Qg6 25. Be4 Qf6 26. Qxf6 gxf6 27. g4 Be5 28. Bxe5 fxe5 29. Bxb7 Rc2 30. Bxa6 Rxa2 31. Bc4 Kg7 32. Kg2 h5 33. gxh5 f5 34. Kg3 f4+ 35. Kf3 Rb2 36. exf4 exf4 37. Kxf4 1/2-1/2

[Event "Wijk op"]
[Site "Wijk aan Zee"]
[Date "1993.??.??"]
[Round "5"]
[White "Huzman, Alexander"]
[Black "Akopian, Vladimir"]
[Result "1/2-1/2"]
[WhiteElo "2510"]
[BlackElo "2615"]
[PlyCount "33"]
[EventDate "1993.01.??"]
[Source "ChessBase"]

1. Nf3 Nf6 2. d4 d5 3. c4 c6 4. e3 e6 5. Bd3 dxc4 6. Bxc4 c5 7. O-O a6 8. Qe2 b5 9. Bd3 Nbd7 10. a4 b4 11. Nbd2 Bb7 12. Nc4 cxd4 13. exd4 Be7 14. Bf4 O-O 15. a5 Nd5 16. Bg3 N7f6 17. Nfd2 1/2-1/2

[Event "HUN-ch Gr B"]
[Site "Balatonlelle"]
[Date "2002.06.04"]
[Round "4"]
[White "Chernin, Alexander"]
[Black "Horvath, Csaba"]
[Result "1/2-1/2"]
[WhiteElo "2583"]
[BlackElo "2539"]
[PlyCount "36"]
[EventDate "2002.06.01"]
[Source "ChessBase"]
[SourceDate "2002.09.20"]

1. d4 d5 2. c4 c6 3. e3 Nf6 4. Nf3 e6 5. Bd3 dxc4 6. Bxc4 c5 7. Qe2 a6 8. dxc5 Bxc5 9. O-O Nc6 10. e4 b5 11. Bb3 Bb7 12. e5 Nd7 13. Bf4 Be7 14. Nc3 g5 15. Be3 Rg8 16. Nd4 g4 17. Nxc6 Bxc6 18. Qc2 Rg6 1/2-1/2

[Event "Capablanca mem-A"]
[Site "Cienfuegos"]
[Date "1986.??.??"]
[Round "2"]
[White "Nogueiras, Jesus"]
[Black "Garcia Palermo, Carlos"]
[Result "1/2-1/2"]
[WhiteElo "2570"]
[BlackElo "2550"]
[PlyCount "43"]
[EventDate "1986.05.??"]
[Source "ChessBase"]

1. d4 d5 2. c4 dxc4 3. Nf3 Nf6 4. e3 e6 5. Bxc4 c5 6. Qe2 a6 7. dxc5 Bxc5 8. O-O Nc6 9. e4 b5 10. Bb3 e5 11. Bg5 Nd4 12. Nxd4 Bxd4 13. Nc3 h6 14. Be3 Bg4 15. f3 Be6 16. Rfd1 Bxe3+ 17. Qxe3 Qe7 18. Nd5 Bxd5 19. exd5 Rd8 20. Re1 O-O 21. Qxe5 Qc5+ 22. Qe3 1/2-1/2

[Event "otb"]
[Site "otb"]
[Date "2007.05.05"]
[Round "3"]
[White "Ionov Sergey"]
[Black "Vorobiov Evgeny E"]
[Result "1/2-1/2"]
[WhiteElo "2539"]
[BlackElo "2580"]
[PlyCount "33"]
[Source "www.chesslib.no"]
[SourceDate "2004.05.04"]

1. d4 d5 2. Nf3 e6 3. c4 dxc4 4. e3 Nf6 5. Bxc4 c5 6. Qe2 a6 7. dxc5 Bxc5 8. O-O Nc6 9. a3 Bd6 10. Nbd2 O-O 11. b4 b5 12. Ba2 a5 13. bxa5 Ba6 14. Bb2 Nxa5 15. Rfd1 b4 16. Qe1 Bd3 17. Bb1 1/2-1/2

[Event "Lloyds Bank Open"]
[Site "London ENG"]
[Date "1987.??.??"]
[Round "9"]
[White "Fedorowicz, John P"]
[Black "Chandler, Murray G"]
[Result "0-1"]
[WhiteElo "2520"]
[BlackElo "2595"]
[PlyCount "94"]
[EventDate "1987.??.??"]
[Source "www.chesslib.no"]
[SourceDate "2004.05.04"]

1. d4 d5 2. c4 dxc4 3. e3 e6 4. Bxc4 c5 5. Nf3 Nf6 6. Qe2 a6 7. dxc5 Bxc5 8. O-O Nc6 9. e4 Ng4 10. Bf4 e5 11. Bd2 O-O 12. h3 Nf6 13. Nc3 Be6 14. Bg5 h6 15. Rad1 Nd4 16. Nxd4 Bxd4 17. Bh4 Rc8 18. Nd5 g5 19. Bg3 Nxd5 20. exd5 Bxd5 21. Bd3 Qf6 22. Bb1 Rfe8 23. Rfe1 Bc6 24. Kh2 Rcd8 25. Rd2 e4 26. Red1 Be5 27. Rxd8 Bxg3+ 28. fxg3 Rxd8 29. Rxd8+ Qxd8 30. Bxe4 Qe8 31. Bd3 Qxe2 32. Bxe2 Kg7 33. Kg1 Kf6 34. Kf2 Ke5 35. Bf3 Kd4 36. Ke2 f5 37. Bxc6 bxc6 38. Kd2 Ke4 39. Ke2 a5 40. Kd2 f4 41. gxf4 Kxf4 42. Ke2 Kg3 43. Kf1 a4 44. Kg1 h5 45. b3 axb3 46. axb3 c5 47. Kf1 Kh2 0-1

[Event "Balatonbereny"]
[Site "Balatonbereny"]
[Date "1996.??.??"]
[Round "2"]
[White "Stangl, Markus"]
[Black "Varga, Zoltan"]
[Result "1-0"]
[WhiteElo "2565"]
[BlackElo "2540"]
[PlyCount "59"]
[EventDate "1996.06.13"]
[Source "ChessBase"]

1. Nf3 d5 2. d4 Nf6 3. c4 dxc4 4. e3 e6 5. Bxc4 c5 6. Qe2 a6 7. dxc5 Bxc5 8. O-O Nc6 9. e4 b5 10. Bb3 e5 11. Be3 Nd4 12. Nxd4 exd4 13. Bg5 Bg4 14. Qd3 h6 15. Bh4 g5 16. Bg3 Nh5 17. h3 Be6 18. Bxe6 fxe6 19. Qf3 Nxg3 20. fxg3 Rf8 21. Qh5+ Kd7 22. Nd2 Qe7 23. Nf3 Qg7 24. Kh2 Ke7 25. Qg4 Bd6 26. e5 Bc5 27. Nxd4 Qg6 28. Nb3 h5 29. Qe2 Bb6 30. Qd2 1-0

[Event "XVII Festival"]
[Site "Abu Dhabi EAU"]
[Date "2007.08.16"]
[Round "5"]
[White "Sturua, Z."]
[Black "Ganguly, S."]
[Result "0-1"]
[WhiteElo "2517"]
[BlackElo "2586"]
[PlyCount "106"]
[EventDate "2007.08.12"]
[Source "www.chesslib.no"]
[SourceDate "2004.05.04"]

1. d4 d5 2. c4 dxc4 3. Nf3 Nf6 4. e3 e6 5. Bxc4 c5 6. Qe2 a6 7. dxc5 Bxc5 8. O-O Nc6 9. Nbd2 O-O 10. a3 Qe7 11. b4 Ba7 12. Bd3 e5 13. Ne4 Bf5 14. Nxf6+ Qxf6 15. Bb2 Rfd8 16. Rfd1 Bxd3 17. Rxd3 Rxd3 18. Qxd3 Rd8 19. Qc4 Qd6 20. Kf1 Qd5 21. Qxd5 Rxd5 22. Ke2 f6 23. g4 Kf7 24. h4 a5 25. Bc3 a4 26. Nd2 Ne7 27. Ne4 Rd7 28. Bd2 Nd5 29. Rc1 Rc7 30. Nd6+ Ke6 31. Nb5 Rxc1 32. Bxc1 Bb8 33. Kd3 Kd7 34. e4 Kc6 35. exd5+ Kxb5 36. Be3 Bd6 37. f3 g6 38. Bh6 f5 39. gxf5 gxf5 40. h5 Ka6 41. Bg7 b5 42. f4 exf4 43. Ke2 Kb7 44. Kf3 Kc7 45. Bd4 Kd7 46. Bg7 Bc7 47. Bb2 Ke7 48. Bh8 Kd6 49. Kxf4 Kxd5+ 50. Kxf5 Kc4 51. Bb2 Kb3 52. Bc1 Kc2 53. Be3 Kb2 0-1

[Event "EUCup final"]
[Site "Lyon"]
[Date "1994.??.??"]
[Round "?"]
[White "Ruban, Vadim"]
[Black "Horvath, Csaba"]
[Result "1/2-1/2"]
[WhiteElo "2560"]
[BlackElo "2540"]
[PlyCount "77"]
[EventDate "1994.11.??"]
[Source "ChessBase"]

1. d4 d5 2. c4 dxc4 3. Nf3 Nf6 4. e3 e6 5. Bxc4 c5 6. Qe2 a6 7. dxc5 Bxc5 8. O-O Nc6 9. Nc3 Qc7 10. Bd2 O-O 11. Rac1 Bd7 12. Bd3 Ne5 13. Bb1 Nxf3+ 14. Qxf3 Bc6 15. Ne4 Bxe4 16. Bxe4 Nxe4 17. Qxe4 Qe7 18. Bc3 Rac8 19. Rfd1 Rc6 20. g3 Rfc8 21. Rc2 f6 22. Rcd2 Rd6 23. Rxd6 Bxd6 24. h4 Rc6 25. h5 f5 26. Qf3 Qg5 27. Rd2 h6 28. Qd1 Qe7 29. Rd4 Kh7 30. Qd3 Kg8 31. e4 e5 32. Rc4 fxe4 33. Rxe4 Kh8 34. Qe2 Rc5 35. f4 Qe6 36. fxe5 Be7 37. a4 Rd5 38. Qg4 Qb6+ 39. Kg2 1/2-1/2

[Event "Horgen-B"]
[Site "Horgen"]
[Date "1995.??.??"]
[Round "9"]
[White "Cramling, Pia"]
[Black "Hodgson, Julian M"]
[Result "1/2-1/2"]
[WhiteElo "2510"]
[BlackElo "2590"]
[PlyCount "22"]
[EventDate "1995.10.??"]
[Source "ChessBase"]

1. d4 d5 2. c4 dxc4 3. Nf3 Nf6 4. e3 e6 5. Bxc4 c5 6. Qe2 a6 7. dxc5 Bxc5 8. O-O Nc6 9. a3 Qc7 10. b4 Bd6 11. Bb2 O-O 1/2-1/2

[Event "Dortmund (open)"]
[Site "?"]
[Date "1992.??.??"]
[Round "?"]
[White "Stohl, I."]
[Black "Mikhalchishin, A."]
[Result "1/2-1/2"]
[WhiteElo "2560"]
[BlackElo "2530"]
[PlyCount "71"]
[EventDate "1992.??.??"]
[Source "ChessBase"]
[SourceDate "1992.06.01"]

1. d4 d5 2. c4 dxc4 3. Nf3 Nf6 4. e3 e6 5. Bxc4 c5 6. Qe2 a6 7. dxc5 Bxc5 8. O-O Nc6 9. e4 Qc7 10. e5 Ng4 11. Bf4 f6 12. Nbd2 Ngxe5 13. Nxe5 fxe5 14. Bg3 O-O 15. Nf3 Nd4 16. Nxd4 Bxd4 17. Rac1 Qa5 18. Rce1 Qc5 19. Bd3 Bd7 20. Bxe5 Bxe5 21. Qxe5 Qxe5 22. Rxe5 Rac8 23. Be4 Bc6 24. Rxe6 Bxe4 25. Rxe4 Rc2 26. Rb4 b5 27. a4 bxa4 28. Rxa4 Rxb2 29. Rxa6 h5 30. Ra5 g6 31. f3 Re8 32. Rc1 Kf7 33. Ra6 Re6 34. Ra5 Kf6 35. h4 Rb4 36. Rac5 1/2-1/2

[Event "Alushta"]
[Site "Alushta"]
[Date "1993.??.??"]
[Round "?"]
[White "Gleizerov, Evgeny"]
[Black "Savchenko, Stanislav"]
[Result "1/2-1/2"]
[WhiteElo "2555"]
[BlackElo "2535"]
[PlyCount "64"]
[EventDate "1993.05.??"]
[Source "ChessBase"]

1. d4 d5 2. c4 dxc4 3. e3 Nf6 4. Bxc4 e6 5. Nf3 a6 6. Qe2 c5 7. dxc5 Bxc5 8. O-O Nc6 9. e4 Qc7 10. e5 Ng4 11. Bf4 f6 12. Nbd2 Ngxe5 13. Nxe5 fxe5 14. Bg3 O-O 15. Rac1 Qe7 16. Nf3 Nd4 17. Nxd4 exd4 18. Qe4 Bd7 19. Qxb7 Kh8 20. Qe4 Bb5 21. Be5 Rad8 22. Bxb5 axb5 23. Bxg7+ Qxg7 24. Rxc5 d3 25. Rd1 Qxb2 26. Qe5+ Qxe5 27. Rxe5 Rc8 28. f3 Rc2 29. Rxd3 Rg8 30. g3 Ra8 31. Rg5 h6 32. Rg4 Raxa2 1/2-1/2

[Event "otb"]
[Site "otb"]
[Date "2007.05.06"]
[Round "5"]
[White "Kharitonov Alexandr"]
[Black "Vorobiov Evgeny E"]
[Result "1/2-1/2"]
[WhiteElo "2507"]
[BlackElo "2580"]
[PlyCount "39"]
[Source "www.chesslib.no"]
[SourceDate "2004.05.04"]

1. d4 d5 2. c4 dxc4 3. Nf3 e6 4. e3 Nf6 5. Bxc4 c5 6. O-O a6 7. Bb3 Nc6 8. Nc3 b5 9. Qe2 Bb7 10. Rd1 Na5 11. Bc2 Qb6 12. a3 cxd4 13. exd4 Be7 14. Bg5 Rd8 15. Ne4 Bxe4 16. Bxe4 h6 17. Bh4 Nb3 18. Rab1 Nxd4 19. Nxd4 Rxd4 20. Bc6+ 1/2-1/2

[Event "Alekhine op"]
[Site "Moscow"]
[Date "1992.??.??"]
[Round "?"]
[White "Lerner, Konstantin Z"]
[Black "Sorokin, Maxim"]
[Result "1/2-1/2"]
[WhiteElo "2530"]
[BlackElo "2550"]
[PlyCount "132"]
[EventDate "1992.10.??"]
[Source "ChessBase"]

1. c4 e6 2. d4 d5 3. Nf3 c6 4. e3 Nf6 5. Bd3 dxc4 6. Bxc4 c5 7. Qe2 a6 8. dxc5 Bxc5 9. O-O Nc6 10. e4 Ng4 11. e5 Nd4 12. Nxd4 Qxd4 13. Nd2 Nxe5 14. Nb3 Qxc4 15. Qxe5 Bf8 16. Be3 f6 17. Qh5+ g6 18. Qf3 Be7 19. Rac1 Qd5 20. Qxd5 exd5 21. Rfe1 Bd8 22. Bb6+ Kf7 23. Bxd8 Rxd8 24. Rc7+ Rd7 25. Rec1 Rxc7 26. Rxc7+ Ke6 27. Rxh7 b6 28. f4 Kf5 29. g3 a5 30. Re7 g5 31. Nd4+ Kg6 32. fxg5 Bg4 33. gxf6 Kxf6 34. Re1 Rc8 35. Kf2 Bd7 36. Kf3 b5 37. Kf4 Rg8 38. Re2 Rg4+ 39. Ke3 Ke5 40. Kd3+ Kd6 41. Re3 Rg8 42. Rf3 Rh8 43. Rf6+ Ke7 44. Rf2 Kd6 45. a3 b4 46. axb4 axb4 47. h4 Rg8 48. Rf3 Bg4 49. Rf6+ Ke5 50. Rf4 Bc8 51. Nf3+ Kd6 52. Ng5 Kc5 53. Kd2 Kb5 54. Rf7 Kc4 55. Rf3 d4 56. Ne4 Rg6 57. Rf6 Rg8 58. Rf3 Rg6 59. b3+ Kd5 60. Rf4 Ra6 61. Nf2 Ra2+ 62. Kc1 Ba6 63. h5 Be2 64. h6 d3 65. h7 d2+ 66. Kb1 Ra8 1/2-1/2

[Event "Balatonbereny"]
[Site "Balatonbereny"]
[Date "1996.??.??"]
[Round "11"]
[White "Horvath, Csaba"]
[Black "Varga, Zoltan"]
[Result "1/2-1/2"]
[WhiteElo "2540"]
[BlackElo "2540"]
[PlyCount "43"]
[EventDate "1996.06.13"]
[Source "ChessBase"]

1. d4 d5 2. c4 dxc4 3. e3 Nf6 4. Bxc4 e6 5. Nf3 a6 6. Qe2 c5 7. dxc5 Bxc5 8. O-O Nc6 9. a3 b5 10. Bd3 O-O 11. b4 Bd6 12. Bb2 Bb7 13. Nbd2 Qe7 14. Ng5 h6 15. Nge4 Nxe4 16. Nxe4 Ne5 17. Nxd6 Qxd6 18. Rfd1 Nxd3 19. Rxd3 Qe7 20. e4 Rad8 21. Rad1 e5 22. Rxd8 1/2-1/2

[Event "Calcutta IND"]
[Site "Calcutta IND"]
[Date "1991.??.??"]
[Round "10"]
[White "Yakovich, Yuri"]
[Black "Ye Rongguang"]
[Result "1-0"]
[WhiteElo "2530"]
[BlackElo "2545"]
[PlyCount "59"]
[EventDate "1991.??.??"]
[Source "www.chesslib.no"]
[SourceDate "2004.05.04"]

1. d4 d5 2. c4 dxc4 3. Nf3 Nf6 4. e3 e6 5. Bxc4 c5 6. Qe2 a6 7. dxc5 Bxc5 8. O-O Nc6 9. e4 Qc7 10. e5 Nd7 11. Bf4 b5 12. Bd3 Bb7 13. Nc3 Be7 14. Ne4 O-O 15. Rac1 Qd8 16. a3 Nb6 17. Nfg5 g6 18. Nxh7 Nd5 19. Nhf6+ Bxf6 20. Nxf6+ Nxf6 21. exf6 Qxf6 22. Qe3 Rfc8 23. Rfd1 e5 24. Bg5 Qe6 25. Qb6 Nd8 26. Bxd8 Rxc1 27. Rxc1 Qd5 28. Bf1 Rxd8 29. Rc5 Qe4 30. Qxd8+ 1-0

[Event "67th ch-GEO KO"]
[Site "Tbilisi GEO"]
[Date "2008.03.19"]
[Round "2.2"]
[White "Jobava, Be"]
[Black "Pantsulaia, L."]
[Result "1-0"]
[WhiteElo "2446"]
[BlackElo "2629"]
[PlyCount "59"]
[EventDate "2008.03.15"]
[Source "www.chesslib.no"]
[SourceDate "2004.05.04"]

1. d4 d5 2. c4 dxc4 3. Nf3 e6 4. e3 c5 5. Bxc4 a6 6. O-O Nf6 7. Qe2 Nc6 8. Rd1 cxd4 9. exd4 Nb4 10. Nc3 Be7 11. Ne5 O-O 12. a3 Nbd5 13. Rd3 b5 14. Bb3 Bb7 15. Rg3 Re8 16. Qf3 g6 17. Ne4 Rf8 18. Bh6 Nxe4 19. Qxe4 f5 20. Nxg6 fxe4 21. Ne5+ Bg5 22. Bxg5 Qxg5 23. Rxg5+ Kh8 24. Rc1 Nf4 25. Kf1 Bd5 26. Rc7 Bxb3 27. Rgg7 Rfd8 28. Rxh7+ Kg8 29. Ng4 Bc4+ 30. Kg1 1-0